El gran libro ilustrado de los injertos de los árboles frutales
Guardado en:
| Formato: | Libro |
|---|---|
| Publicado: |
Barcelona :
De Vecchi,
1992
|
| Materias: | |
| Etiquetas: |
Agregar Etiqueta
Sin Etiquetas, Sea el primero en etiquetar este registro!
|
| LEADER | 00557nam a22001935a 4500 | ||
|---|---|---|---|
| 001 | CEM.cems016741 | ||
| 005 | 20171031170041.0 | ||
| 008 | 130507s1992##################000#0#####d | ||
| 003 | CEMS | ||
| 082 | 0 | 4 | |a 634 |
| 245 | 0 | 0 | |a El gran libro ilustrado de los injertos de los árboles frutales |
| 260 | |a Barcelona : |b De Vecchi, |c 1992 | ||
| 300 | |a 127 p. | ||
| 653 | |a Injertos frutales | ||
| 653 | |a Frutales-injertos | ||
| 653 | |a Frutales | ||
| 653 | |a Plantas ornamentales | ||
| 653 | |a Injertos-tipos | ||
| 859 | |a CEMS |b BIB. CEMS - Agricultura |h 634 |i G766 |p A17818.94 |t Ej.1 | ||
